| 000 | 01648 a2200445 4500 | ||
|---|---|---|---|
| 001 | 60163 | ||
| 003 | CO-BoRNBP | ||
| 005 | 20251212195114.0 | ||
| 007 | ta | ||
| 008 | 140822s2014 ck ||||fr|||| 00| 0 spa d | ||
| 020 | _a9789587384598 (V.1) | ||
| 020 | _a9789587384611 (V.2) | ||
| 020 | _a9789587384635 (V.3) | ||
| 020 | _a9789587384659 (V.4) | ||
| 020 | _a9789587384673 (V.5) | ||
| 040 |
_aCO-BoUCM _bspa _cSaul Niño (Modificó) _dJose A. Gerena |
||
| 041 | 0 | _aspa | |
| 082 | 0 | 4 |
_220 _a923.1 |
| 084 | _a00 | ||
| 245 | 0 | 0 |
_aAlfonso López Michelsen _cselección de textos y presentación de Fernando Mayorga García |
| 250 | _a1a. edición | ||
| 300 | _a5 volúmenes | ||
| 336 |
_2rdacontent _atexto _btxt |
||
| 337 |
_2rdamedia _asin mediación _bn |
||
| 338 |
_2rdacarrier _avolumen _bnc |
||
| 505 |
_gV.1 _tEl constitucionalista (parte I) |
||
| 505 |
_gV.2 _tEl constitucionalista (parte II) |
||
| 505 |
_gV.3 _tEscritos políticos |
||
| 505 |
_gV.4 _tanálisis económico |
||
| 505 |
_gV.5 _tTemas internacionales |
||
| 600 | 1 |
_aLópez Michelsen, Alfonso Antonio Lazaro _d1913-2007 _xCrítica e interpretación _967916 |
|
| 600 | 1 |
_aLópez Michelsen, Alfonso Antonio Lazaro _d1913-2007 _xBiografía _967917 |
|
| 650 | 7 |
_aConstituciones _ySiglo XX _zColombia _2LEMB _967918 |
|
| 650 | 7 |
_aRelaciones internacionales _ySiglo XX _zColombia _2LEMB _967919 |
|
| 651 | 4 |
_aColombia _xHistoria política _ySiglo XX _967920 |
|
| 700 | 1 |
_aMayorga García, Fernando _ecompilador _967921 |
|
| 710 | 2 |
_aUniversidad del Rosario _967922 |
|
| 710 | 1 |
_aColombia _bMinisterio de Cultura _91875 |
|
| 942 |
_2DEWEY _a19 _cLIBROUR _h923.1 |
||
| 999 |
_c60163 _d60163 |
||